|
|
|
|
| LEADER |
00000naa2a2200000 4500 |
| 001 |
243327 |
| 005 |
20251217154648.0 |
| 035 |
|
|
|a (RuTPU)RU\TPU\book\264669
|
| 035 |
|
|
|a RU\TPU\book\264662
|
| 090 |
|
|
|a 243327
|
| 100 |
|
|
|a 20130925d2013 k y0rusy50 ca
|
| 101 |
0 |
|
|a rus
|
| 102 |
|
|
|a RU
|
| 135 |
|
|
|a drnn ---uucaa
|
| 181 |
|
0 |
|a i
|
| 182 |
|
0 |
|a b
|
| 200 |
1 |
|
|a Состав и структура жаропрочного сплава PWA 1480
|f С. Н. Федосеев
|g науч. рук. Д. В. Лычагин
|
| 203 |
|
|
|a Текст
|c электронный
|
| 225 |
1 |
|
|a Материаловедение
|
| 300 |
|
|
|a Заглавие с титульного экрана
|
| 320 |
|
|
|a [Библиогр.: с. 175 (4 назв.)]
|
| 337 |
|
|
|a Adobe Reader
|
| 461 |
|
1 |
|0 (RuTPU)RU\TPU\book\263794
|t Современные техника и технологии
|o сборник трудов XIX международной научно-практической конференции студентов, аспирантов и молодых ученых, Томск, 15-19 апреля 2013 г.
|o в 3 т.
|f Национальный исследовательский Томский политехнический университет (ТПУ)
|d 2013
|
| 463 |
|
1 |
|0 (RuTPU)RU\TPU\book\263797
|t Т. 2
|v [С. 174-175]
|d 2013
|
| 610 |
1 |
|
|a труды учёных ТПУ
|
| 610 |
1 |
|
|a электронный ресурс
|
| 610 |
1 |
|
|a жаропрочные сплавы
|
| 610 |
1 |
|
|a состав
|
| 610 |
1 |
|
|a структура
|
| 700 |
|
1 |
|a Федосеев
|b С. Н.
|c специалист в области машиностроения
|c ассистент Юргинского технологического института (филиал) Томского политехнического университета
|f 1989-
|g Сергей Николаевич
|3 (RuTPU)RU\TPU\pers\30669
|
| 702 |
|
1 |
|a Лычагин
|b Д. В.
|c специалист в области машиностроения
|c профессор Юргинского технологического института (филиал) Томского политехнического университета
|f 1957-
|g Дмитрий Васильевич
|3 (RuTPU)RU\TPU\pers\30564
|4 727
|
| 712 |
0 |
2 |
|a Национальный исследовательский Томский политехнический университет (ТПУ)
|b Юргинский технологический институт (филиал) (ЮТИ)
|b Кафедра технологии машиностроения (ТМС)
|3 (RuTPU)RU\TPU\col\18902
|
| 801 |
|
2 |
|a RU
|b 63413507
|c 20130925
|g RCR
|
| 856 |
4 |
|
|u http://www.lib.tpu.ru/fulltext/c/2013/C01/V2/086.pdf
|
| 942 |
|
|
|c CF
|